| 000 | 00935nam a2200313Ia 4500 | ||
|---|---|---|---|
| 008 | 170203s9999 xx 000 0 und d | ||
| 020 | _a0-766607216 | ||
| 050 | _aFic | ||
| 050 | _bB869j | ||
| 100 | _aThomson, Sara. | ||
| 245 | _aJane Eyre / | ||
| 245 | _cby Charlotte Brontë ; adapted by Sara Thomson ; illustrated by Richard Lauter. | ||
| 260 | _aNew York, N.Y. : | ||
| 260 | _bModern Pub., | ||
| 260 | _c©2002. | ||
| 300 | _a186 pages : | ||
| 300 | _billustrations ; | ||
| 300 | _c24 cm. | ||
| 440 | _aTreasury of illustrated classics. | ||
| 500 | _a"Abridged for young readers and fully illustrated"--Page 4 of cover. | ||
| 650 | _aEngland -- | ||
| 650 | _aEyre, Jane -- (Fictitious character) -- | ||
| 650 | _aGovernesses -- | ||
| 650 | _aMentally ill women -- | ||
| 650 | _xJuvenile fiction. | ||
| 650 | _xJuvenile fiction. | ||
| 650 | _xJuvenile fiction. | ||
| 650 | _xJuvenile fiction. | ||
| 999 |
_c306482 _d306482 |
||